<?xml version="1.0" encoding="UTF-8"?>
<record
    xmlns:xsi="http://www.w3.org/2001/XMLSchema-instance"
    xsi:schemaLocation="http://www.loc.gov/MARC21/slim http://www.loc.gov/standards/marcxml/schema/MARC21slim.xsd"
    xmlns="http://www.loc.gov/MARC21/slim">

  <leader>02399nam a22001937a 4500</leader>
  <controlfield tag="008">120712t        xxu||||| |||| 00| 0 eng d</controlfield>
  <datafield tag="020" ind1=" " ind2=" ">
    <subfield code="a">0471130397</subfield>
  </datafield>
  <datafield tag="050" ind1=" " ind2=" ">
    <subfield code="a">QA 76.76.H94 W43</subfield>
  </datafield>
  <datafield tag="100" ind1=" " ind2=" ">
    <subfield code="a">Horton, William.</subfield>
  </datafield>
  <datafield tag="245" ind1=" " ind2=" ">
    <subfield code="a">The web page design cookbook: all the ingredients you need to create 5 - star web pages. /</subfield>
    <subfield code="c">William Horton.</subfield>
  </datafield>
  <datafield tag="260" ind1=" " ind2=" ">
    <subfield code="a">New York:</subfield>
    <subfield code="b">John Wiley &amp; Sons,</subfield>
    <subfield code="c">1996.</subfield>
  </datafield>
  <datafield tag="300" ind1=" " ind2=" ">
    <subfield code="a">xx, 649 p.:</subfield>
    <subfield code="b">ill.;</subfield>
    <subfield code="c">24cm.</subfield>
  </datafield>
  <datafield tag="500" ind1=" " ind2=" ">
    <subfield code="a">Includes index.</subfield>
  </datafield>
  <datafield tag="505" ind1=" " ind2=" ">
    <subfield code="a">Contents: Welcome to the kitchen: Why would I want to do this web thing? -- The Web as supernova -- Where did web come from -- How about those urals? -- Tableware and cutlery: The chef has to eat too -- The fast track to web access  -- Getting internet access -- Just browsing, thanks -- The Media web: helper applications -- Digital paper and the web -- Through the kitchen doors: TCP/IP &amp; SLIP/PPP -- Cooking lesson: On your mark, get set -- A case study: Web craft in real life -- Basic recipes -- Ingredients: A Quick look inside the pantry -- Page elements -- Block of text -- Headings -- Lists -- Links -- Menus -- Pictures -- Navigation buttons -- Pointers to other places (URLs) -- Setting color codes -- Universal problem solving -- Nutrition: Text -- Pictures -- Sounds -- Moving pictures -- Adding your own media -- Haute cuisine: Fill-in-blanks forms -- Scripts for forms -- Image-maps -- Tables -- Presentation: Page layout -- Page banners -- Graphic backgrounds and colored text -- Design case studies-putting it all together -- Recap -- International cuisine -- Modify your recipes for international palates -- Recipe: English for non-native readers -- Recipe: Graphics for global appeal -- Recipe: Multimedia for worldwide audiences -- Recipe: Testing for global context toward www -- Does this web page get its passport -- Recommended readings -- Ask the master chefs -- Complete meals: Structure =context =meaning -- What's in store -- Seven steps to structural happiness -- Guidelines for selecting cluster types -- Sample cluster structures -- Cordon bleu: What are you doing? -- Positioning of the vendors' tools -- Where's this headed? -- What's my role -- Resources for the web chef: The work tools shopping list -- References for the insatiable -- Using the CD-ROM -- What's on the CD-ROM.  </subfield>
  </datafield>
  <datafield tag="700" ind1=" " ind2=" ">
    <subfield code="a">Taylor, Lee.</subfield>
  </datafield>
  <datafield tag="700" ind1=" " ind2=" ">
    <subfield code="a">Ignacio, Arthur.</subfield>
  </datafield>
  <datafield tag="700" ind1=" " ind2=" ">
    <subfield code="a">Hoft, Nancy L.</subfield>
  </datafield>
  <datafield tag="942" ind1=" " ind2=" ">
    <subfield code="2">lcc</subfield>
    <subfield code="c">BK</subfield>
  </datafield>
  <datafield tag="999" ind1=" " ind2=" ">
    <subfield code="c">1681</subfield>
    <subfield code="d">9181</subfield>
  </datafield>
  <datafield tag="952" ind1=" " ind2=" ">
    <subfield code="0">0</subfield>
    <subfield code="1">0</subfield>
    <subfield code="2">lcc</subfield>
    <subfield code="4">0</subfield>
    <subfield code="7">0</subfield>
    <subfield code="a">WIUC-1</subfield>
    <subfield code="b">WIUC-1</subfield>
    <subfield code="c">GEN</subfield>
    <subfield code="d">2012-07-12</subfield>
    <subfield code="l">0</subfield>
    <subfield code="o">QA 76.76.H94 W43</subfield>
    <subfield code="p">4837/12</subfield>
    <subfield code="r">2012-07-12 00:00:00</subfield>
    <subfield code="t">1</subfield>
    <subfield code="w">2012-07-12</subfield>
    <subfield code="y">BK</subfield>
  </datafield>
</record>
